000 00861cam a2200241 4500
001 WB3542-31
008 000000n1999 000 0 eng u
035 _a(Sirsi) u101095
245 _aFast track remedy
260 _c1999
490 _aRICS Press Release
_v(244) 30 October 1999 (1)
520 _aEmphasises that members of the public who are dissatisfied with their house survey have access to a fast and inexpensive complaints procedure for redress.
590 _aWB
650 _aHOUSE SURVEYS
650 _aRICS
650 _aCONSUMER PROTECTION
650 _aABOUT RICS-RICS MEMBERS
650 _aCOMPLAINTS HANDLING
650 _aMANAGEMENT-DISPUTE AVOIDANCE, MANAGEMENT AND RESOLUTION-DISPUTE MANAGEMENT AND RESOLUTION-ARBITRATION
650 _aREDRESS
690 _aMANAGEMENT-BUSINESS MANAGEMENT-PROFESSIONAL PRACTICE
942 _n0
999 _c60309
_d60309